000 00529nam a2200181Ia 4500
003 GCL
008 140319s9999 xx 000 0 ara d
040 _aGCL /
_cGCL
082 0 4 _a616.92853
_bل م
100 1 _aلطفى عبدالعزيز الشربينى
245 1 0 _aمرض الصرع: الاسباب, المشكلة, العلاج /
_cلطفى عبدالعزيز الشربينى
300 _a110 ص
490 _aكتاب
_v0
650 0 4 _aالطب
650 0 4 _aامراض
650 0 4 _aالصرع
942 _2ddc
_cBK
999 _c41261
_d41261